| 000 -ლიდერი |
| ფიქსირებული სიგრძის საკონტროლო ველი |
00870nam a22002057a 4500 |
| 003 - საკონტროლო ნომრის იდენტიფიკატორი |
| საკონტროლო ველი |
Ge_BSU |
| 005 - ბოლო ოპერაციის თარიღი და დრო |
| საკონტროლო ველი |
20190527153214.0 |
| 008 - ფიქსირებული სიგრძის მონაცემთა ელემენტები - ზოგადი ინფორმაცია |
| ფიქსირებული სიგრძის საკონტროლო ველი |
190527b1964 ||||| |||| 00| 0 geo d |
| 041 ## - ენის კოდი |
| Language code of text/sound track or separate title |
geo |
| 080 ## - უნივერსალური ათობითი კლასიფიკაციის ინდექსი |
| Universal Decimal Classification number |
51(075.8) |
| 100 ## - მთავარი ჩანაწერი - პიროვნების სახელი |
| Relator code |
ჭელიძე, ვლ |
| 245 ## - ცნობა სათაურის შესახებ |
| Title |
უმაღლესი მათემატიკის კურსი : ტ. 2. სახელმძღვ. |
| Remainder of title |
უმაღლ. ტექნ. სასწ. / |
| Statement of responsibility, etc |
ვლ. ჭელიძე ; ნ. ლომჯარია ; გ. ხახუბია. |
| 264 ## - წარმოების, გამოცემის, დისტრიბუციის და სხვა ცნობები |
| გამოცემის, წარმოების, დისტრიბუციის... ადგილი |
თბილისი : |
| გამოცემის, წარმოების, დისტრიბუციის... სახელწოდება |
ცოდნა, |
| გამოცემის, წარმოების, დისტრიბუციის... თარიღი |
1964. |
| 300 ## - ფიზიკური აღწერა |
| Extent |
419 გვ .: |
| Dimensions |
20 სმ. |
| 653 ## - INDEX TERM--UNCONTROLLED |
| Uncontrolled term |
უმაღლესი მათემატიკა |
| 653 ## - INDEX TERM--UNCONTROLLED |
| Uncontrolled term |
მათემატიკა |
| 700 ## - ADDED ENTRY--PERSONAL NAME |
| Personal name |
ლომჯარია, ნ |
| 9 (RLIN) |
1645 |
| 700 ## - ADDED ENTRY--PERSONAL NAME |
| Personal name |
ხახუბია, გ |
| 9 (RLIN) |
1646 |
| 942 ## - ADDED ENTRY ELEMENTS (KOHA) |
| Source of classification or shelving scheme |
|
| Koha item type |
წიგნი |